[Event "Turkish Cup 2022"]
[Site "Sakarya"]
[Date "2022.03.26"]
[Round "2.25"]
[White "Caputcuoglu, Zeki Berke"]
[Black "Gozubuyukoglu, Selami"]
[Result "1-0"]
[WhiteElo "2095"]
[BlackElo "1747"]
[Annotator "ChessBase"]
[PlyCount "89"]
[EventDate "2022.03.25"]
[EventType "swiss"]
[EventCountry "TUR"]
[SourceTitle "playchess.com"]
[Source "ChessBase"]
[SourceQuality "1"]
[TimeControl "5400+30"]

1. e4 {[%emt 0:01:00]} e5 {[%emt 0:01:00]} 2. Nf3 {[%emt 0:00:30]} Nc6 {[%emt 0:00:30]} 3. Nc3 {[%emt 0:00:30]} Nf6 {[%emt 0:00:30]} 4. a3 {[%emt 0:00:30]} a6 {[%emt 0:00:30]} 5. d4 {[%emt 0:00:30]} exd4 {[%emt 0:00:30]} 6. Nxd4 {[%emt 0:00:30]} Bc5 {[%emt 0:00:30]} 7. Be3 {[%emt 0:00:00]} Nxd4 {[%emt 0:03:30]} 8. Bxd4 {[%emt 0:00:00]} Bxd4 {[%emt 0:00:00]} 9. Qxd4 {[%emt 0:00:30]} d6 {[%emt 0:00:00]} 10. O-O-O {[%emt 0:00:30]} Qe7 {[%emt 0:03:30]} 11. f4 {[%emt 0:05:30]} O-O {[%emt 0:05:30]} 12. Be2 {[%emt 0:15:30]} Be6 {[%emt 0:15:30]} 13. g4 {[%emt 0:15:30]} c5 {[%emt 0:07:30]} 14. Qxd6 {[%emt 0:01:30]} Qxd6 {[%emt 0:01:30]} 15. Rxd6 {[%emt 0:00:30]} Bxg4 {[%emt 0:00:30]} 16. Rxf6 {[%emt 0:00:30]} Bxe2 {[%emt 0:12:30]} 17. Rf5 {[%emt 0:09:30]} Bg4 {[%emt 0:04:30]} 18. Rxc5 {[%emt 0:00:30]} Rac8 {[%emt 0:02:30]} 19. Rxc8 {[%emt 0:08:30]} Rxc8 {[%emt 0:00:30]} 20. Rg1 {[%emt 0:01:30]} Bf3 {[%emt 0:04:30]} 21. Kd2 {[%emt 0:02:30]} f5 {[%emt 0:05:30]} 22. e5 {[%emt 0:02:30]} Kf7 {[%emt 0:03:30]} 23. Ke3 {[%emt 0:01:30]} Bc6 {[%emt 0:00:30]} 24. Rd1 {[%emt 0:00:30]} Re8 {[%emt 0:02:30]} 25. Rd6 {[%emt 0:02:30]} Ke7 {[%emt 0:03:30]} 26. Kd4 {[%emt 0:04:30]} h6 {[%emt 0:01:30]} 27. Nd5+ {[%emt 0:02:30]} Kf7 {[%emt 0:02:32]} 28. c4 {[%emt 0:03:30]} Rc8 {[%emt 0:04:01]} 29. e6+ {[%emt 0:00:30]} Ke8 {[%emt 0:01:43]} 30. Ke5 {[%emt 0:00:30]} b5 {[%emt 0:02:32]} 31. c5 {[%emt 0:01:30]} g5 {[%emt 0:03:07]} 32. fxg5 {[%emt 0:00:30]} hxg5 {[%emt 0:00:02]} 33. Kxf5 {[%emt 0:00:30]} Rd8 {[%emt 0:03:03]} 34. Rxc6 {[%emt 0:01:11]} Rxd5+ {[%emt 0:00:30]} 35. Kf6 {[%emt 0:00:00]} Rd8 {[%emt 0:00:29]} 36. Rc7 {[%emt 0:00:19]} Rd2 {[%emt 0:01:51]} 37. Rc8+ {[%emt 0:00:30]} Rd8 {[%emt 0:00:30]} 38. Rxd8+ {[%emt 0:00:30]} Kxd8 {[%emt 0:00:30]} 39. Kf7 {[%emt 0:00:30]} Kc7 {[%emt 0:00:30]} 40. e7 {[%emt 0:00:30]} Kc6 {[%emt 0:00:30]} 41. e8=Q+ {[%emt 0:00:00]} Kxc5 {[%emt 0:00:00]} 42. Qe4 {[%emt 0:00:00]} a5 {[%emt 0:00:00]} 43. b4+ {[%emt 0:00:00]} axb4 {[%emt 0:00:05]} 44. axb4+ {[%emt 0:00:00]} Kd6 {[%emt 0:00:30]} 45. Qe6+ {[%emt 0:00:00]} 1-0

[Event "Turkish Cup 2022"]
[Site "Sakarya"]
[Date "2022.03.26"]
[Round "2.27"]
[White "Kilic, Eray"]
[Black "Aydogdu, Aril"]
[Result "1-0"]
[WhiteElo "2088"]
[BlackElo "1622"]
[Annotator "ChessBase"]
[PlyCount "45"]
[EventDate "2022.03.25"]
[EventType "swiss"]
[EventCountry "TUR"]
[SourceTitle "playchess.com"]
[Source "ChessBase"]
[SourceQuality "1"]
[TimeControl "5400+30"]

1. e4 {[%emt 0:01:00]} c5 {[%emt 0:01:00]} 2. Nf3 {[%emt 0:00:30]} Nc6 {[%emt 0:00:00]} 3. Bb5 {[%emt 0:00:00]} d6 {[%emt 0:00:00]} 4. d4 {[%emt 0:01:00]} cxd4 {[%emt 0:02:30]} 5. Nxd4 {[%emt 0:02:30]} Bd7 {[%emt 0:00:30]} 6. Nc3 {[%emt 0:00:30]} g6 {[%emt 0:01:30]} 7. Be3 {[%emt 0:07:30]} Bg7 {[%emt 0:03:30]} 8. f3 {[%emt 0:02:30]} h5 {[%emt 0:01:30]} 9. Qd2 {[%emt 0:02:30]} Nf6 {[%emt 0:03:30]} 10. O-O-O {[%emt 0:01:30]} Ne5 {[%emt 0:07:30]} 11. f4 {[%emt 0:04:30]} Neg4 {[%emt 0:00:30]} 12. Bg1 {[%emt 0:01:30]} Bh6 {[%emt 0:01:30]} 13. Kb1 {[%emt 0:02:30]} Rc8 {[%emt 0:15:30]} 14. h3 {[%emt 0:04:30]} Ne5 {[%emt 0:00:30]} 15. Be3 {[%emt 0:01:30]} Nc6 {[%emt 0:17:30]} 16. e5 {[%emt 0:03:30]} Nxd4 {[%emt 0:02:30]} 17. Qxd4 {[%emt 0:00:30]} dxe5 {[%emt 0:04:30]} 18. fxe5 {[%emt 0:00:30]} Bxb5 {[%emt 0:02:30]} 19. exf6 {[%emt 0:01:30]} Qxd4 {[%emt 0:03:30]} 20. Bxd4 {[%emt 0:00:30]} Bc6 {[%emt 0:00:30]} 21. fxe7 {[%emt 0:00:30]} Rg8 {[%emt 0:00:30]} 22. Bf6 {[%emt 0:00:00]} Bd7 {[%emt 0:00:30]} 23. Ne4 {[%emt 0:00:00]} 1-0

[Event "Turkish Cup 2022"]
[Site "Sakarya"]
[Date "2022.03.26"]
[Round "2.28"]
[White "Unsal, Gorkem"]
[Black "Korkmaz, Necmettin"]
[Result "1/2-1/2"]
[WhiteElo "1672"]
[BlackElo "2076"]
[Annotator "TA"]
[PlyCount "191"]
[EventDate "2022.03.25"]
[EventType "swiss"]
[EventCountry "TUR"]
[SourceTitle "playchess.com"]
[Source "ChessBase"]
[SourceQuality "1"]

{[%evp 9,191,11,25,7,16,7,25,0,1,2,1,6,35,19,20,7,16,24,37,8,110,12,77,16,16,16,56,0,5,7,40,33,45,26,116,91,131,91,128,47,96,90,105,91,110,89,201,102,125,84,107,89,155,157,254,261,476,291,306,295,337,332,278,275,235,188,888,380,380,380,29957,12829,5360,1620,29989,844,813,476,443,110,110,109,111,105,267,220,219,194,170,0,0,0,0,0,0,0,0,-34,-36,-57,-58,-92,-2,-104,-91,-93,0,0,-16,-152,-51,-43,-8,-152,-12,-134,-127,-120,0,-142,-143,-151,-137,-171,-50,-31,-47,-517,-482,-768,-768,-739,-697,-517,-40,-70,0,0,0,0,0,-1405,0,0,0,0,0,0,-28000,-27999,-28000,-27999,-27999,-27999,-27999,-27999,-28000,-28000,-28000,-28000,-28000,-28000,-28000,-28000,-28000,-27999,-27999,-27999,-27999,-27999,-27999,-27999,-27999,-27999,-28000,-28000,-28000,-27999,-27999,-27999,-28000,-28000,-28000,-28000]} 1. e4 e6 2. d4 d5 3. e5 c5 4. c3 Ne7 5. Nf3 Nec6 6. Na3 {C02: French: Advance Variation.} Be7 {[#]} 7. Bd3 $146 ({Predecessor:} 7. Nc2 Nd7 8. Bd3 cxd4 9. cxd4 Nb6 10. h4 h6 11. h5 Bd7 12. O-O Qc7 13. Nfe1 O-O-O {½-½ (45) Kogan,A (2518)-Bischoff,K (2509) Fuerth 1999}) 7... b6 8. O-O {White has an edge.} (8. Qe2 {keeps more tension.} a6 9. Qe3 cxd4 10. cxd4 Nb4 11. Be2) 8... Ba6 9. Nc2 Bxd3 10. Qxd3 c4 11. Qe2 O-O 12. Nd2 b5 13. f4 Nd7 14. Ne3 Qb6 (14... b4 $11) 15. Kh1 ({White should play} 15. Qg4 $1 $16) 15... Rae8 (15... b4 $11) 16. Nf3 (16. Qg4 $16) 16... f6 $11 17. Bd2 Nd8 18. Rf2 (18. g4 $14) 18... Nf7 19. Ng4 f5 20. Ne3 Nh6 21. h3 (21. Ng5 {seems wilder.} b4 22. Raf1 bxc3 23. Bxc3 g6 24. Qf3) 21... Kh8 (21... Qc6 $11) 22. Rg1 Qd8 23. b3 Rg8 24. Nf1 (24. bxc4 bxc4 25. Ng5 Bxg5 26. fxg5 Nf7 $14) ({White should try} 24. g4 $16) 24... Nf7 (24... Qa5 $14) 25. g4 $1 $16 {And now gxf5 would win.} g6 26. Rh2 Nf8 27. Rhg2 Nd7 (27... Nh6 $16) 28. Ne3 (28. gxf5 $18 gxf5 29. Ng5 Bxg5 30. fxg5) 28... Nb6 29. b4 (29. h4 $142) 29... Ref8 30. Rh2 Qd7 (30... Qc8 $142) 31. h4 $1 {[%cal Bh3h4,Bh4g5][%mdl 32]} fxg4 (31... Nh6 $16) 32. Nxg4 $18 {Hoping for h5.} Qd8 $2 (32... Qe8 {was necessary.} 33. h5 g5) 33. Ng5 Nxg5 34. hxg5 Rg7 35. Nf6 Rff7 36. Qg4 Qc8 37. Rg3 Bxf6 $2 (37... Qc6 38. Rgh3 Nd7) 38. exf6 (38. gxf6 $142 Rg8 39. Rgh3) 38... Rg8 39. Re3 Qa6 $2 (39... Qd7 $18 40. Qxe6 Qxe6 41. Rxe6 Na8) 40. Qxe6 Qb7 41. f5 (41. Reh3 $142 Qd7 42. f5 Qxe6 43. fxe6) 41... gxf5 42. Qxf5 (42. Reh3 $142 f4 43. Bxf4 Qd7 44. Qe5 Qxh3 45. Rxh3 Rgf8 46. g6 Nd7 47. Qe6) 42... Qd7 43. Qe5 {Reh3 would kill now.} Qg4 44. Reh3 $2 (44. Rg2 $18 Qh5+ 45. Kg1) 44... Qd1+ $16 45. Be1 {[%cal Oh3h7] Intending Rxh7+! and mate. Chess con chili.} Nd7 46. Qe3 {White is more active.} Nf8 $2 (46... Rxg5 $16 47. Qxg5 Qxe1+ 48. Qg1 Qe4+ 49. Rg2 Nxf6) 47. Qd2 Qb1 48. Re2 Qf5 49. Qe3 (49. Rg3 h6 $14) (49. Kh2 $1 $18) 49... Rxg5 $11 50. Rf3 Qg4 51. Rg3 Qh5+ 52. Rh2 Rxg3 53. Qxg3 (53. Rxh5 $2 {too greedy.} Rxe3 54. Re5 Rf3 $19) (53. Bxg3 $5 {[%cal Rh2h5]} Qd1+ 54. Kg2 $11) 53... Qf5 54. Rg2 {[%csl Gg2][%cal Rg3g8]} Ng6 55. Bd2 Qxf6 (55... Rxf6 $17 56. Kh2 a6) 56. Bg5 ({But not} 56. Qb8+ Nf8 $15) (56. Bh6 $1 $11) 56... Qf5 57. Kh2 Qe4 (57... Kg7 $17) 58. Qb8+ Kg7 {With the idea ...h6.} 59. Qg3 (59. Qxb5 $11 Qf3 60. Qe8) 59... Qf5 (59... h6 $17 60. Bd2 Kh7) 60. Qe3 $15 h5 61. Qg3 {[#]} (61. Qe2 $11 {remains equal.}) 61... Kh7 ({Better is} 61... Qe6 $1 $17 {next ...Rf1 is good for Black.} 62. a3 Rf1) 62. Qe3 (62. Bc1 $1 $11 {keeps the balance.}) 62... Qf3 {[%cal Og6h4] ...Nh4! is the strong threat.} 63. Qe6 Qf5 64. Qe3 $1 a6 65. Qg3 Qf3 66. Qd6 h4 (66... Qxc3 $19 67. Qxg6+ (67. Bd2 $2 Qd3 $19) 67... Kxg6 68. Bd2+ Kf5 69. Bxc3 Ke4) 67. Qe6 Qf5 $40 {[%mdl 128] Black mounts an attack.} 68. Qe3 $2 {[%mdl 8192] [#]} (68. Qd6 $1 $15) 68... Nf4 $1 $19 69. Bxf4 (69. Rg1 $142 Qc2+ 70. Kh1) 69... Qxf4+ 70. Qxf4 Rxf4 {[%mdl 4096] Endgame KR-KR} 71. Rg5 Rf2+ $2 (71... Rf3 $19 72. Rxd5 Rxc3) 72. Kh3 $15 Rxa2 (72... Rf3+ $15 73. Kxh4 Rxc3) 73. Rxd5 $11 Ra3 74. Kxh4 Rxc3 {White must now prevent ...Rc1.} 75. Rd6 $2 {[%mdl 8192]} (75. Kg5 $11) 75... Rd3 $2 (75... Rc1 $19 {Threatens to win with ...c3.} 76. Rc6 c3) 76. Kg5 c3 77. Rc6 Rxd4 78. Rxc3 Rxb4 $2 {[%mdl 8192]} (78... Rd6 $11) 79. Kf6 {Mate.} Rc4 80. Rd3 Rc6+ 81. Ke5 Rg6 82. Kd5 Kg7 83. Kc5 Kf7 84. Rd7+ Ke6 85. Rd6+ Kf5 86. Rd5+ Ke4 87. Rd4+ Ke3 88. Rd7 Rg4 89. Rd6 Ra4 90. Rd7 Ke2 91. Rd6 Ra3 92. Kb4 Ra4+ 93. Kc5 Rc4+ 94. Kb6 b4 95. Ka5 Re4 96. Rb6 {[%mdl 32768] What a bad dream for White.  Weighted Error Value: White=0.61/Black=0.55. An unexpected result.} 1/2-1/2

[Event "Turkish Cup 2022"]
[Site "Sakarya"]
[Date "2022.03.26"]
[Round "2.29"]
[White "Baltaci, Ismail Tarik"]
[Black "Elmas, Mustafa"]
[Result "1-0"]
[WhiteElo "2033"]
[BlackElo "1614"]
[Annotator "ChessBase"]
[PlyCount "45"]
[EventDate "2022.03.25"]
[EventType "swiss"]
[EventCountry "TUR"]
[SourceTitle "playchess.com"]
[Source "ChessBase"]
[SourceQuality "1"]
[TimeControl "5400+30"]

1. e4 {[%emt 0:01:00]} c5 {[%emt 0:01:00]} 2. Nc3 {[%emt 0:02:30]} a6 {[%emt 0:00:30]} 3. f4 {[%emt 0:00:30]} d6 {[%emt 0:00:00]} 4. Nf3 {[%emt 0:00:30]} Nf6 {[%emt 0:00:00]} 5. d4 {[%emt 0:03:30]} cxd4 {[%emt 0:01:30]} 6. Nxd4 {[%emt 0:00:30]} Qc7 {[%emt 0:01:30]} 7. Bd3 {[%emt 0:00:30]} e5 {[%emt 0:01:30]} 8. Nf3 {[%emt 0:00:30]} Nbd7 {[%emt 0:02:30]} 9. O-O {[%emt 0:02:30]} Be7 {[%emt 0:01:30]} 10. Kh1 {[%emt 0:03:30]} O-O {[%emt 0:05:30]} 11. Qe1 {[%emt 0:02:30]} b5 {[%emt 0:05:30]} 12. Nh4 {[%emt 0:09:30]} Nb6 {[%emt 0:07:30]} 13. fxe5 {[%emt 0:09:30]} dxe5 {[%emt 0:01:30]} 14. Nf5 {[%emt 0:11:30]} Bxf5 {[%emt 0:14:30]} 15. exf5 {[%emt 0:00:30]} Bb4 {[%emt 0:03:30]} 16. Qg3 {[%emt 0:03:30]} Kh8 {[%emt 0:05:30]} 17. Ne4 {[%emt 0:01:30]} Rac8 {[%emt 0:06:30]} 18. Nxf6 {[%emt 0:06:30]} gxf6 {[%emt 0:00:00]} 19. Qh4 {[%emt 0:00:00]} Be7 {[%emt 0:00:00]} 20. Rf3 {[%emt 0:00:00]} Rg8 {[%emt 0:02:30]} 21. Qxh7+ {[%emt 0:01:30]} Kxh7 {[%emt 0:00:30]} 22. Rh3+ {[%emt 0:00:30]} Kg7 {[%emt 0:00:30]} 23. Bh6+ {[%emt 0:00:00]} 1-0

[Event "Turkish Cup 2022"]
[Site "Sakarya"]
[Date "2022.03.26"]
[Round "2.30"]
[White "Karacor, Kemal"]
[Black "Yavuz, Efe Metehan"]
[Result "0-1"]
[WhiteElo "1700"]
[BlackElo "2054"]
[Annotator "ChessBase"]
[PlyCount "72"]
[EventDate "2022.03.25"]
[EventType "swiss"]
[EventCountry "TUR"]
[SourceTitle "playchess.com"]
[Source "ChessBase"]
[SourceQuality "1"]
[TimeControl "5400+30"]

1. d4 {[%emt 0:01:00]} d5 {[%emt 0:01:00]} 2. c4 {[%emt 0:00:30]} e6 {[%emt 0:00:30]} 3. Nf3 {[%emt 0:00:30]} Nf6 {[%emt 0:00:00]} 4. Bg5 {[%emt 0:00:30]} Bb4+ {[%emt 0:04:00]} 5. Nc3 {[%emt 0:00:30]} dxc4 {[%emt 0:00:30]} 6. Bxf6 {[%emt 0:01:30]} Qxf6 {[%emt 0:00:30]} 7. e3 {[%emt 0:00:30]} b5 {[%emt 0:01:30]} 8. a3 {[%emt 0:00:30]} Bxc3+ {[%emt 0:01:30]} 9. bxc3 {[%emt 0:00:00]} Nd7 {[%emt 0:08:30]} 10. Be2 {[%emt 0:03:00]} Bb7 {[%emt 0:04:30]} 11. O-O {[%emt 0:00:30]} O-O {[%emt 0:00:30]} 12. Ne1 {[%emt 0:03:30]} Nb6 {[%emt 0:10:30]} 13. Qd2 {[%emt 0:02:30]} Rfd8 {[%emt 0:01:30]} 14. Bf3 {[%emt 0:00:30]} Bxf3 {[%emt 0:01:30]} 15. Nxf3 {[%emt 0:00:30]} c5 {[%emt 0:02:30]} 16. Qb2 {[%emt 0:04:30]} a6 {[%emt 0:04:30]} 17. Rfd1 {[%emt 0:00:30]} cxd4 {[%emt 0:00:30]} 18. exd4 {[%emt 0:00:30]} Na4 {[%emt 0:01:30]} 19. Qc2 {[%emt 0:01:30]} Qg6 {[%emt 0:01:30]} 20. Rdc1 {[%emt 0:02:30]} Qxc2 {[%emt 0:00:30]} 21. Rxc2 {[%emt 0:00:00]} Rd5 {[%emt 0:01:30]} 22. Ne5 {[%emt 0:00:00]} f6 {[%emt 0:00:30]} 23. Nc6 {[%emt 0:00:30]} Rd6 {[%emt 0:00:30]} 24. Nb4 {[%emt 0:00:30]} Rad8 {[%emt 0:01:30]} 25. f4 {[%emt 0:01:30]} Kf7 {[%emt 0:03:30]} 26. Kf2 {[%emt 0:00:00]} a5 {[%emt 0:02:30]} 27. Na2 {[%emt 0:00:00]} e5 {[%emt 0:00:30]} 28. fxe5 {[%emt 0:02:30]} fxe5 {[%emt 0:00:30]} 29. Rb1 {[%emt 0:00:30]} Rd5 {[%emt 0:02:30]} 30. Nc1 {[%emt 0:12:30]} exd4 {[%emt 0:00:30]} 31. cxd4 {[%emt 0:00:30]} Rf5+ {[%emt 0:02:30]} 32. Ke3 {[%emt 0:08:30]} Re8+ {[%emt 0:00:30]} 33. Kd2 {[%emt 0:00:30]} Rf2+ {[%emt 0:00:00]} 34. Kd1 {[%emt 0:00:00]} Rf1+ {[%emt 0:00:00]} 35. Kd2 {[%emt 0:00:00]} c3+ {[%emt 0:00:30]} 36. Kd3 {[%emt 0:05:30]} Rd1+ {[%emt 0:00:30]} 0-1

[Event "Turkish Cup 2022"]
[Site "Sakarya"]
[Date "2022.03.26"]
[Round "2.31"]
[White "Gulsoy, Mustafa Alpago"]
[Black "Pehlivan, Mert"]
[Result "1/2-1/2"]
[WhiteElo "2023"]
[BlackElo "1573"]
[Annotator "TA"]
[PlyCount "115"]
[EventDate "2022.03.25"]
[EventType "swiss"]
[EventCountry "TUR"]
[SourceTitle "playchess.com"]
[Source "ChessBase"]
[SourceQuality "1"]

{[%evp 14,115,8,4,6,1,31,51,84,17,81,77,104,91,151,147,147,135,138,133,141,131,133,94,114,85,66,20,18,0,0,-4,-3,-4,4,9,17,-12,-7,-8,-10,-101,-5,-4,-5,-5,-5,-7,-5,-8,-6,-20,0,0,0,0,0,0,0,-72,0,0,0,0,0,0,80,21,80,80,80,80,80,0,0,0,0,0,0,0,0,0,0,0,0,0,0,0,0,0,0,0,0,0,0,0,0,0,0,0,0,0,0,-29991]} 1. e4 c5 2. c3 d5 3. exd5 Qxd5 4. d4 Nc6 5. Nf3 Nf6 6. Na3 {[%cal Bb1a3,Ba3b5,Bb5d4][%mdl 32]} Bg4 7. Be2 e6 8. Be3 cxd4 {[#] B22: Sicilian: 2 c3.} 9. Nb5 $1 {Hoping for Nc7+.} Qd8 {To avoid Nc7+} (9... Rc8 10. Nbxd4) 10. Nbxd4 Be7 {[#] White is slightly better.} 11. Qa4 $146 ({White should play} 11. Nxc6 $16 bxc6 12. Qxd8+ Bxd8 13. Ne5 Bxe2 14. Kxe2) ({Predecessor:} 11. Nxc6 bxc6 12. Qxd8+ Bxd8 13. O-O Bb6 14. Bg5 O-O 15. Bxf6 gxf6 16. h3 Bh5 17. Rfd1 {0-1 (37) Fischer,T (1954)-Tiarks,J (2159) Playchess.com INT 2020}) 11... Qc7 (11... O-O $11) 12. Nb5 $1 $16 {[%csl LRa7,LRc7]} Qc8 13. Nxa7 {White is much more active. Black has bad knights.} O-O {[%cal Bh8f8,Bf8c8,Bc8c5,Bc5d5][%mdl 32]} (13... Qc7 $142) 14. Nxc8 Rxa4 15. Nxe7+ Nxe7 {[%cal Bc6e7,Be7d5,Bd5f4,Bf4d3][%mdl 32]} 16. Bc5 Nfd5 17. h3 Bh5 18. c4 Rc8 19. cxd5 Rxc5 20. d6 (20. g4 $14 Bg6 21. d6) 20... Nd5 $11 21. d7 {[%cal Rd7d8]} Ra8 22. O-O {aiming for Rfc1.} Nf4 $1 23. Bd1 $132 {[%mdl 2048] White puts up resistance} Rd5 24. g3 Nd3 ({Much less strong is} 24... Nxh3+ 25. Kg2 $16) 25. Be2 ({Reject} 25. g4 Bg6 $15) (25. Ne1 $5 {[%cal Re1d3]} Bg6 26. Bf3 (26. Nxd3 Bxd3 27. Bf3 Rxd7 $11) 26... Rxd7 27. Nxd3 Bxd3 28. Rfc1 $11) 25... Rxd7 26. Rfd1 Rad8 27. Rd2 {[#]} (27. Rxd3 $11 Rxd3 28. g4) 27... Bxf3 (27... Nf4 $1 $17 {[%mdl 512]} 28. gxf4 Rxd2 29. Nxd2 Bxe2) 28. Bxf3 Ne5 29. Rxd7 {[%cal Rd7d8]} Nxf3+ {[%mdl 4096] Endgame KRR-KRN} 30. Kg2 {[%cal Rd7d8] [#]} Nh4+ $1 31. gxh4 {[%cal Rd7d8]} Rxd7 {KR-KR} 32. Rc1 {White wants to mate with Rc8+.} h5 33. Rc5 g6 34. Kg3 Kg7 35. f3 Kf6 36. b4 {[#]} (36. Rb5 $11) 36... e5 ({Black should try} 36... b6 $1 $17 {[%cal Rb6c5]} 37. Rc6 Ra7) 37. Rb5 Ke6 38. a4 f5 39. Rb6+ Kf7 {[#]} (39... Kd5 $11) 40. Kf2 (40. b5 $1 $16) 40... Rc7 (40... Rd2+ $1 $11 {remains equal.} 41. Ke3 Ra2) 41. a5 $16 Rd7 42. b5 Rc7 43. a6 (43. Ke1 $16) 43... bxa6 $11 {The position is equal.} 44. bxa6 Rc2+ 45. Ke3 Ra2 46. Kd3 Ra3+ 47. Kc2 e4 48. Kb2 Ra5 49. fxe4 fxe4 50. Kc2 e3 51. Kd3 Ra3+ 52. Ke2 Kg7 53. Rb7+ Kf6 54. Ra7 Ke6 55. Ra8 {a7 is the strong threat.} Kf7 56. a7 {Intending Rh8 and mate.} Kg7 {To avoid Rh8} 57. Kf3 Kh7 $1 58. Ke4 $2 {[%mdl 40960] What a bad dream for White.  Weighted Error Value: White=0.15 (very precise) /Black=0.15 (very precise) . An unexpected result.} (58. Ke2 $11) 1/2-1/2

[Event "Turkish Cup 2022"]
[Site "Sakarya"]
[Date "2022.03.26"]
[Round "2.33"]
[White "Koc, Ilkay"]
[Black "Ulu, Ekrem"]
[Result "1-0"]
[WhiteElo "1995"]
[BlackElo "1692"]
[Annotator "ChessBase"]
[PlyCount "55"]
[EventDate "2022.03.25"]
[EventType "swiss"]
[EventCountry "TUR"]
[SourceTitle "playchess.com"]
[Source "ChessBase"]
[SourceQuality "1"]
[TimeControl "5400+30"]

1. d4 {[%emt 0:01:00]} d5 {[%emt 0:02:00]} 2. c4 {[%emt 0:00:30]} c6 {[%emt 0:00:30]} 3. Nf3 {[%emt 0:00:30]} Nf6 {[%emt 0:00:00]} 4. e3 {[%emt 0:00:00]} e6 {[%emt 0:11:00]} 5. Bd3 {[%emt 0:00:00]} Bd6 {[%emt 0:03:30]} 6. b3 {[%emt 0:00:30]} Nbd7 {[%emt 0:01:30]} 7. Bb2 {[%emt 0:00:30]} b6 {[%emt 0:00:00]} 8. Nbd2 {[%emt 0:00:30]} Bb7 {[%emt 0:00:00]} 9. O-O {[%emt 0:00:30]} O-O {[%emt 0:00:30]} 10. Ne5 {[%emt 0:00:30]} c5 {[%emt 0:19:30]} 11. f4 {[%emt 0:00:00]} Ne4 {[%emt 0:04:30]} 12. cxd5 {[%emt 0:03:00]} exd5 {[%emt 0:00:30]} 13. Nxe4 {[%emt 0:00:30]} dxe4 {[%emt 0:00:30]} 14. Bc4 {[%emt 0:00:00]} Nf6 {[%emt 0:02:30]} 15. Ng4 {[%emt 0:10:00]} Be7 {[%emt 0:14:30]} 16. Qe2 {[%emt 0:07:30]} Nxg4 {[%emt 0:08:30]} 17. Qxg4 {[%emt 0:00:30]} Bf6 {[%emt 0:00:00]} 18. Rad1 {[%emt 0:00:30]} Qe7 {[%emt 0:00:00]} 19. Ba3 {[%emt 0:01:30]} Rad8 {[%emt 0:03:30]} 20. dxc5 {[%emt 0:02:30]} bxc5 {[%emt 0:00:30]} 21. Qf5 {[%emt 0:17:30]} Rxd1 {[%emt 0:04:30]} 22. Rxd1 {[%emt 0:01:30]} Rd8 {[%emt 0:03:30]} 23. Rxd8+ {[%emt 0:02:30]} Qxd8 {[%emt 0:00:00]} 24. Qxc5 {[%emt 0:00:30]} h6 {[%emt 0:03:53]} 25. Qh5 {[%emt 0:12:30]} Qd7 {[%emt 0:04:54]} 26. h3 {[%emt 0:00:30]} Bc3 {[%emt 0:05:01]} 27. Kh2 {[%emt 0:00:30]} Ba5 {[%emt 0:01:55]} 28. Qxa5 {[%emt 0:00:30]} 1-0

[Event "Turkish Cup 2022"]
[Site "Sakarya"]
[Date "2022.03.26"]
[Round "2.34"]
[White "Temizer, Umut"]
[Black "Ilcin, Murat Veysi"]
[Result "1-0"]
[WhiteElo "1972"]
[BlackElo "1588"]
[Annotator "ChessBase"]
[PlyCount "51"]
[EventDate "2022.03.25"]
[EventType "swiss"]
[EventCountry "TUR"]
[SourceTitle "playchess.com"]
[Source "ChessBase"]
[SourceQuality "1"]
[TimeControl "5400+30"]

1. e4 {[%emt 0:01:00]} e5 {[%emt 0:01:00]} 2. Nf3 {[%emt 0:00:30]} Nc6 {[%emt 0:00:30]} 3. Bc4 {[%emt 0:00:00]} Be7 {[%emt 0:00:30]} 4. d4 {[%emt 0:00:00]} exd4 {[%emt 0:00:30]} 5. Nxd4 {[%emt 0:00:30]} d6 {[%emt 0:01:30]} 6. O-O {[%emt 0:01:30]} Nf6 {[%emt 0:00:30]} 7. Nc3 {[%emt 0:01:30]} Ne5 {[%emt 0:02:30]} 8. Be2 {[%emt 0:04:30]} O-O {[%emt 0:01:30]} 9. Bf4 {[%emt 0:09:30]} c6 {[%emt 0:02:30]} 10. a4 {[%emt 0:06:30]} a5 {[%emt 0:03:30]} 11. Qd2 {[%emt 0:03:30]} Qb6 {[%emt 0:02:30]} 12. h3 {[%emt 0:06:30]} Bd7 {[%emt 0:01:30]} 13. Rfd1 {[%emt 0:05:30]} Rad8 {[%emt 0:00:30]} 14. Qe3 {[%emt 0:04:30]} Rfe8 {[%emt 0:01:30]} 15. Nf5 {[%emt 0:02:30]} Qc7 {[%emt 0:11:30]} 16. Nxe7+ {[%emt 0:05:30]} Rxe7 {[%emt 0:00:30]} 17. Bg5 {[%emt 0:01:30]} Be6 {[%emt 0:09:30]} 18. f4 {[%emt 0:11:30]} Nc4 {[%emt 0:02:30]} 19. Bxc4 {[%emt 0:02:30]} Bxc4 {[%emt 0:00:30]} 20. Qd4 {[%emt 0:00:30]} d5 {[%emt 0:10:30]} 21. e5 {[%emt 0:06:30]} c5 {[%emt 0:01:30]} 22. Qf2 {[%emt 0:00:30]} d4 {[%emt 0:11:30]} 23. exf6 {[%emt 0:00:30]} Ree8 {[%emt 0:01:30]} 24. fxg7 {[%emt 0:02:30]} Rc8 {[%emt 0:05:30]} 25. Nb5 {[%emt 0:00:30]} Qd7 {[%emt 0:03:30]} 26. Re1 {[%emt 0:02:30]} 1-0